Capital monopolista de estado
Furkejuvvon:
| Váldodahkki: | |
|---|---|
| Materiálatiipa: | Texto |
| Almmustuhtton: |
México, D.F.:
Grijalbo
|
| Fáddágilkorat: |
Lasit fáddágilkoriid
Eai fáddágilkorat, Lasit vuosttaš fáddágilkora!
|
MARC
| LEADER | 00000 a a2200000 04500 | ||
|---|---|---|---|
| 001 | 22560 | ||
| 003 | |||
| 040 | |||
| 090 | |a 154500 | ||
| 100 | |a Boccara, Paul | ||
| 245 | |a Capital monopolista de estado | ||
| 260 | |a México, D.F.: |b Grijalbo | ||
| 300 | |a 158 p.; n. 90 | ||
| 999 | |c 5695 |d 5695 | ||
